000 00580cam a22002053a 4500
001 38437
003 PGUSA
005 20140828083840.0
008 111229s2011||||xxu|||||s|||||000 | eng d
040 _aPGUSA
_beng
042 _adc
100 1 _aYates, L. K.
245 1 4 _aThe Woman's Part :
_bA Record of Munitions Work
_h[electronic resource] /
_cL. K. Yates
260 _bProject Gutenberg,
_c2011
506 _aPublic domain in the USA.
516 _aElectronic text
830 0 _aProject Gutenberg
_v38437
856 4 0 _uhttp://www.gutenberg.org/ebooks/38437
942 _cEB
999 _c267691
_d267691